Les plus grandes villes de Provence-Alpes-Côte-d'Azur. - Statistiques

Statistiques générales
  • Ce quiz a été pris 9 163 fois
    8 857 depuis la dernière actualisation
  • Le résultat moyen est 12 sur 20
Réponses sur la Carte
Les réponses sont colorées sur une échelle allant du rouge au vert en fonction du pourcentage des utilisateurs qui les ont devinées à leur premier essai. Vous pouvez retrouver ces pourcentages ci-dessous.
 
Statistiques - réponses
Population Ville % Correct
868 277 Marseille
99%
341 032 Nice
99%
176 198 Toulon
92%
73 965 Cannes
89%
143 097 Aix-en-Provence
88%
91 729 Avignon
81%
40 559 Gap
62%
72 915 Antibes
60%
53 786 Fréjus
59%
51 031 Arles
58%
55 069 Hyères
58%
48 420 Martigues
43%
47 208 Aubagne
41%
48 865 Grasse
41%
62 888 La Seyne-sur-Mer
38%
39 106 Draguignan
36%
43 411 Istres
36%
45 400 Salon-de-Provence
30%
51 411 Cagnes-sur-Mer
29%
41 471 Le Cannet
17%
Aucun quiz correspondant
Distribution des résultats
% des personnes avec chaque résultat
Percentile par nombre de réponses
Votre historique - résultats
Vous n’avez pas pris ce quiz depuis la dernière actualisation